000 00501nam a2200193 a 4500
001 1777027203988
003 YourLibrary
005 20260424161209.0
008 260424s2002##################000#0#eng##
020 _a9780199251643
082 0 4 _a344.03288STR
100 1 _aStrang, Heather,
_eauthor.
245 1 0 _aRepair Or Revenge :
260 _bOxford University Press on Demand,
_c2002.
300 _a298 pages
650 0 _aLaw.
942 _cENGLISH
040 _aYourLibrary
_beng
_cYourLibrary
999 _c619900
_d619900